Rütlischwur - Statistiken

Allgemein
  • Dieses Quiz wurde 25 mal gespielt
  • Das Durchschnittsergebnis liegt bei 14 aus 47
Antwortstatistiken
Wortlaut % Korrekt
Wir
100%
wollen
80%
ein
60%
einzig
60%
sein
60%
Volk
60%
von
60%
Brüdern,
47%
und
33%
die
27%
Gefahr.
27%
in
27%
keiner
27%
Not
27%
trennen
27%
und
27%
uns
27%
Wir
27%
wollen
27%
als
20%
auf
20%
den
20%
den
20%
der
20%
der
20%
der
20%
eher
20%
frei
20%
fürchten
20%
Gott
20%
höchsten
20%
in
20%
Knechtschaft
20%
leben.
20%
Macht
20%
Menschen.
20%
nicht
20%
sein,
20%
Tod,
20%
trauen
20%
uns
20%
Väter
20%
vor
20%
waren,
20%
wie
20%
Wir
20%
wollen
20%
Keine übereinstimmenden Quizze gefunden
Verteilung der Resultate
Anzahl Personen mit jedem Resultat
Perzentil nach korrekt beantworteten Fragen
Ihre Resultats-Entwicklung
Sie haben dieses Quiz noch nicht gespielt